|
LDR
| 01824nam a2200517 i 4500 |
|---|
| 001 | 29479 |
|---|
| 003 | CZ-PrJAB |
|---|
| 005 | 20180116135145.0 |
|---|
| 007 | ta |
|---|
| 008 | 170619s2017 xr f f 000 0 cze |
|---|
| 015 | | . |
‡acnb002904017 |
|---|
| 020 | | . |
‡a978-80-262-1242-3
‡q(brožováno) |
|---|
| 035 | | . |
‡a(CZ PrNK)nkc20172904017 |
|---|
| 040 | | . |
‡aABA001
‡bcze
‡dBOA001
‡dABA001
‡erda |
|---|
| 041 | 0 | . |
‡acze
‡beng |
|---|
| 072 | | 7. |
‡a159.97
‡xPsychopatologie
‡2Konspekt
‡917 |
|---|
| 080 | | . |
‡a364.612-053.2
‡2MRF |
|---|
| 080 | | . |
‡a159.974
‡2MRF |
|---|
| 080 | | . |
‡a616.89-053.2
‡2MRF |
|---|
| 080 | | . |
‡a615.851-053.2
‡2MRF |
|---|
| 080 | | . |
‡a349.3-053.2
‡2MRF |
|---|
| 080 | | . |
‡a(048.8:082)
‡2MRF |
|---|
| 082 | | . |
‡a362.76 |
|---|
| 245 | 0 | 0. |
‡aDítě traumatizované v blízkých vztazích :
‡bmanuál pro profesionály a rodiny /
‡cOldřich Matoušek (ed.) |
|---|
| 250 | | . |
‡aVydání první |
|---|
| 264 | | 1. |
‡aPraha :
‡bPortál,
‡c2017 |
|---|
| 300 | | . |
‡a207 stran ;
‡c23 cm |
|---|
| 336 | | . |
‡atext
‡btxt
‡2rdacontent |
|---|
| 337 | | . |
‡abez média
‡bn
‡2rdamedia |
|---|
| 338 | | . |
‡asvazek
‡bnc
‡2rdacarrier |
|---|
| 504 | | . |
‡aObsahuje bibliografie a bibliografické odkazy |
|---|
| 546 | | . |
‡aAnglické resumé |
|---|
| 650 | 0 | 7. |
‡adeprivované děti
‡7ph119386
‡2czenas |
|---|
| 650 | 0 | 7. |
‡apsychická traumata
‡7ph124784
‡2czenas |
|---|
| 650 | 0 | 7. |
‡adětská psychopatologie
‡7ph139170
‡2czenas |
|---|
| 650 | 0 | 7. |
‡adětská psychoterapie
‡7ph139172
‡2czenas |
|---|
| 650 | 0 | 7. |
‡asociálně-právní ochrana dětí
‡7ph297054
‡2czenas |
|---|
| 650 | 0 | 9. |
‡adeprivation in children
‡2eczenas |
|---|
| 650 | 0 | 9. |
‡apsychic trauma
‡2eczenas |
|---|
| 650 | 0 | 9. |
‡achild psychopathology
‡2eczenas |
|---|
| 650 | 0 | 9. |
‡achild psychotherapy
‡2eczenas |
|---|
| 650 | 0 | 9. |
‡asocial-law children protection
‡2eczenas |
|---|
| 655 | | 7. |
‡akolektivní monografie
‡7fd501537
‡2czenas |
|---|
| 655 | | 9. |
‡acollective monographs
‡2eczenas |
|---|
| 700 | 1 | . |
‡aMatoušek, Oldřich,
‡d1947-
‡7nlk19990073542
‡4edt |
|---|
| 910 | | . |
‡aABG450 |
|---|
| 910 | | . |
‡aABG312 |
|---|
| 999 | | . |
‡a12989
‡b
‡c12989
‡tbiblio |
|---|
| 901 | | . |
‡a29479
‡b
‡c29479
‡tbiblio
‡sets |
|---|